Las Personificaciones instrumentales locales en Cataluą organismos autn̤omos, consorcios, mancomunidades y sociedades pb︢licas /

Detalles Bibliográficos
Autor principal: Martn̕ez-Alonso Camps, Jos ̌Luis
Autores Corporativos: Instituto Nacional de Administracin̤ Pb︢lica (Espaą), Escola d'Administraci ̤Pb︢lica de Catalunya
Otros Autores: Ysa Figueras, Tamyko
Formato: Libro
Lenguaje:español
Publicado: Madrid : Barcelona : Instituto Nacional de Administracin̤ Pb︢lica ; Escola d'Administraci ̤Pb︢lica de Catalunya, 2003
Colección:Estudios (Espanya. Ministerio para las Administraciones Pb︢licas)
Materias:
Acceso en línea:Acceso restringido

MARC

LEADER 00000nam a2200000 a 4500
005 20120323150911.0
007 cr|||| ||||
008 040329s2003 spcbd || o001 ||spa|
017 |a DL B. 53256-2003 
020 |a 8470887378 
035 |a 6063 
040 |d vLex 
043 |a e-sp---  |b e-spc--  |2 catmarc 
080 |a 352(467.1) 
090 |c 3085  |d 3085 
100 1 |a Martn̕ez-Alonso Camps, Jos ̌Luis 
245 1 4 |a Las Personificaciones instrumentales locales en Cataluą   |h [Recurso electrn̤ico] :  |b organismos autn̤omos, consorcios, mancomunidades y sociedades pb︢licas /  |c Jos ̌Luis Martn̕ez-Alonso Camps, Tamyko Ysa Figueras 
256 |a Servicio en ln̕ea 
260 |a Madrid :  |b Instituto Nacional de Administracin̤ Pb︢lica ;  |a Barcelona :  |b Escola d'Administraci ̤Pb︢lica de Catalunya,  |c 2003 
300 |a 1 recurso electrn̤ico 
490 1 |a Estudios 
504 |a Bibliografa̕ p. 305-309 
506 1 |a Contenido solo disponible en los productos indicados  |d vLex Global   |d vLex Global (Academic Edition, excluding Law Schools)   |d vLex Global (U.S. Academic Edition, Law Schools)   |d vLex Global (U.S. Academic Edition, excluding Law Schools)   |d vLex Global (Academic Edition, Law Schools)  
650 0 4 |a Organismos de la administracin̤ pb︢lica  |z Cataluą 
650 0 4 |a Administracin̤ local  |z Cataluą 
650 0 4 |a Autoridades administrativas independientes  |z Cataluą 
700 1 |a Ysa Figueras, Tamyko 
710 1 |a Instituto Nacional de Administracin̤ Pb︢lica (Espaą) 
710 1 |a Escola d'Administraci ̤Pb︢lica de Catalunya 
740 0 |a vLex Libros (Servicio en ln̕ea) 
830 0 |a Estudios (Espanya. Ministerio para las Administraciones Pb︢licas) 
856 4 0 |u http://vlex.com/source/personificaciones-instrumentales-locales-catalu-a-organismos-autonomos-consorcios-mancomunidades-sociedades-publicas-6063  |z Acceso restringido 
942 |c BOOK 
999 0 |a Administrative agencies 
999 0 |a Administrative law